Técnicas de edición de cine y video

Uloženo v:
Podrobná bibliografie
Hlavní autor: Dancyger, Ken (Autor)
Médium: Kniha
Jazyk:španělština
Vydáno: Barcelona Gedisa S. A 1999
Vydání:1a. ed
Edice:Multimedia, 19
Témata:
Tagy: Přidat tag
Žádné tagy, Buďte první, kdo vytvoří štítek k tomuto záznamu!

MARC

LEADER 00000cam a2200000 a 4500
001 UCC5903
003 CL-VaPUC
008 181109e19990000sp |||||||||||||||||spa|d
020 |a 9788474327014 
082 0 4 |a 778.5235  |b DAN  |2 21 
100 0 |a Dancyger, Ken  |e author  |9 600331 
245 1 0 |a Técnicas de edición de cine y video 
250 |a 1a. ed 
300 |a 383 p 
942 |c BK 
945 |d 20181109 15:19:00  |a dcastane 
260 |a Barcelona  |b Gedisa S. A  |c 1999 
650 7 |a EDICION DE IMAGENES  |2 CL-VaPUC  |9 481825 
650 0 |a Videos  |9 335420 
650 0 |a Cine  |9 225706 
583 |a last modification  |c 20181109 15:19:00  |k Rodrigo Vera 
490 0 |a Multimedia, 19 
999 |c 373006  |d 373004 
952 |0 0  |1 0  |3 erb  |4 0  |6 778_523500000000000_DAN_1999  |7 0  |8 A  |9 490918  |a BIBCUR  |b BIBCUR  |i 5512123  |o 778.5235 DAN 1999  |p 5512123  |r 2025-04-22  |w 2019-11-24  |y BK  |z Catalogado en:20181109  |k PER